|
|
|
|
| LEADER |
02351nam a2200673 i 4500 |
| 001 |
nkc20243640054 |
| 003 |
CZ PrNK |
| 005 |
20250203141722.0 |
| 007 |
ta |
| 008 |
241030s2024 xr f 001 0 cze |
| 015 |
|
|
|a cnb003640054
|
| 020 |
|
|
|a 978-80-7502-751-1
|q (brožováno)
|
| 035 |
|
|
|a (OCoLC)1498301461
|
| 040 |
|
|
|a ABA001
|b cze
|d BOA001
|e rda
|
| 045 |
|
|
|a v-y-
|
| 072 |
|
7 |
|a 101
|x Filozofie
|2 Konspekt
|9 5
|
| 080 |
|
|
|a 165.173
|2 MRF
|
| 080 |
|
|
|a 123.1
|2 MRF
|
| 080 |
|
|
|a 101
|2 MRF
|
| 080 |
|
|
|a 32
|2 MRF
|
| 080 |
|
|
|a 17
|2 MRF
|
| 080 |
|
|
|a 34
|2 MRF
|
| 080 |
|
|
|a 316.75
|2 MRF
|
| 080 |
|
|
|a 321.7
|2 MRF
|
| 080 |
|
|
|a (048.8)
|2 MRF
|
| 100 |
1 |
|
|a Holländer, Pavel,
|d 1953-
|7 jo20010084772
|4 aut
|
| 245 |
1 |
0 |
|a Idea svobody v narativech 18. až 21. století /
|c Pavel Holländer
|
| 250 |
|
|
|a Vydání první
|
| 264 |
|
1 |
|a Praha :
|b Leges,
|c 2024
|
| 300 |
|
|
|a 365 stran ;
|c 21 cm
|
| 336 |
|
|
|a text
|b txt
|2 rdacontent
|
| 337 |
|
|
|a bez média
|b n
|2 rdamedia
|
| 338 |
|
|
|a svazek
|b nc
|2 rdacarrier
|
| 490 |
1 |
|
|a Teoretik
|
| 504 |
|
|
|a Obsahuje bibliografii, bibliografické odkazy a rejstříky
|
| 648 |
|
7 |
|a 18.-21. století
|7 ch757020
|2 czenas
|
| 650 |
0 |
7 |
|a idea (filozofie)
|7 ph191877
|2 czenas
|
| 650 |
0 |
7 |
|a svoboda
|7 ph116345
|x filozofické aspekty
|2 czenas
|
| 650 |
0 |
7 |
|a svoboda
|7 ph116345
|x politické aspekty
|2 czenas
|
| 650 |
0 |
7 |
|a svoboda
|7 ph116345
|x etické a morální aspekty
|2 czenas
|
| 650 |
0 |
7 |
|a svoboda
|7 ph116345
|x právní aspekty
|2 czenas
|
| 650 |
0 |
7 |
|a liberalismus
|7 ph115136
|2 czenas
|
| 650 |
0 |
7 |
|a ideologie
|7 ph121026
|y 18.-21. století
|2 czenas
|
| 650 |
0 |
9 |
|a idea (philosophy)
|2 eczenas
|
| 650 |
0 |
9 |
|a liberty
|x philosophical aspects
|2 eczenas
|
| 650 |
0 |
9 |
|a liberty
|x political aspects
|2 eczenas
|
| 650 |
0 |
9 |
|a liberty
|x ethic and moral aspects
|2 eczenas
|
| 650 |
0 |
9 |
|a liberty
|x legal aspects
|2 eczenas
|
| 650 |
0 |
9 |
|a liberalism
|2 eczenas
|
| 650 |
0 |
9 |
|a ideologies
|y 18th-21st centuries
|2 eczenas
|
| 655 |
|
7 |
|a monografie
|7 fd132842
|2 czenas
|
| 655 |
|
9 |
|a monographs
|2 eczenas
|
| 830 |
|
0 |
|a Teoretik
|0 s
|
| 910 |
2 |
|
|a BOA001
|b 2-1535.783
|
| 990 |
|
|
|a BK
|
| 995 |
|
|
|a 01
|
| 991 |
|
|
|b 202501
|c NOV
|
| 996 |
6 |
|
|b 2610989456
|c 2-1535.783
|l MZK
|r Sklad / do 1 hodiny
|n 0
|p p.v.
|w 001988834
|u 000010
|a 1
|e BOA001
|j MZK50
|s P
|
| 996 |
7 |
|
|b 2610993549
|c 2-1535.783
|l Vol.výběr
|r VV 0p
|n 7
|p kup
|h 321 HOL
|w 001988834
|u 000020
|a 0
|e BOA001
|j MZK50
|s A
|